Statistics for Russia Hard Multiple Choice Quiz — level 3

Click here to take the quiz!

General Stats

  • This quiz has been taken 20 times
    (17 since last reset)
  • The average score is 9 of 15

Answer Stats

QuestionAnswer% Correct
Let's start with a simple one. How is "Moscow" written in Russian?Москва
100%
The legendary Soviet animation studio, whose cartoons became a national treasure, is called...Soyuzmultfilm
100%
A series from which cartoon is included in the top 10 most popular videos on YouTubeMasha and the Bear
90%
Which salad is a popular dish of Russian cuisine?Olivier salad
90%
Which region of Russia is located on the islands?Sakhalin oblast
80%
The famous Soviet film, the viewing of which has become a New Year's traditionThe Irony of Fate, or Enjoy Your Bath!
80%
Which country does Russia called a Black Hole of Europe?Kosovo
60%
Which country has introduced the status of "non-citizen" for its Russian population?Latvia
60%
In which of these years did the Russian opposition try to seize power with the help of the Snow Revolution?2011-2013
50%
The war with which of their countries was started by Russia, and not by the country listed belowJapan
50%
What is the "Solntsepyok"?Russian weapon
50%
Which city used to be called Kuibyshev?Samara
50%
Which of these cities is not located in Russia?Uralsk
30%
The Union State is the union of Russia and Belarus. And which country did Russia reject the application in 1999?Yugoslavia
30%
The Prime-minister of the 90s, whose tongue-tied phrases have gone to the peopleViktor Chernomyrdin
20%

Score Distribution

Percentile by Number Answered

Percent of People with Each Score

Your Score History

You have not taken this quiz since the last reset